000 00380pab a2200145 454500
008 180718b1984 xxu||||| |||| 00| 0 eng d
100 _aGupta, Manash Rajan
245 _aRural - Urban migration and surplus labour
_bA note
260 _c1984
300 _a531-6
362 _aApr.
650 _aRural - Urban Migration
773 _aIndian Journal of Economics
909 _a17627
999 _c17627
_d17627